<?xml version="1.0" encoding="UTF-8"?>
<collection xmlns="http://www.loc.gov/MARC21/slim">
 <record>
  <leader>03410nam a2200337 a 4500</leader>
  <controlfield tag="001">1/44862</controlfield>
  <controlfield tag="008">140703s2006    us            001 0 eng  </controlfield>
  <datafield tag="020" ind1=" " ind2=" ">
   <subfield code="a">9780127425030</subfield>
  </datafield>
  <datafield tag="020" ind1=" " ind2=" ">
   <subfield code="a">0127425039</subfield>
  </datafield>
  <datafield tag="020" ind1=" " ind2=" ">
   <subfield code="a">9780080470764 (electronic bk.)</subfield>
  </datafield>
  <datafield tag="020" ind1=" " ind2=" ">
   <subfield code="a">0080470769 (electronic bk.)</subfield>
  </datafield>
  <datafield tag="035" ind1=" " ind2=" ">
   <subfield code="l">47817</subfield>
  </datafield>
  <datafield tag="040" ind1=" " ind2=" ">
   <subfield code="a">OPELS</subfield>
   <subfield code="b">eng</subfield>
   <subfield code="c">OPELS</subfield>
   <subfield code="d">OKU</subfield>
   <subfield code="d">OCLCQ</subfield>
   <subfield code="d">N$T</subfield>
   <subfield code="d">UKWOH</subfield>
   <subfield code="d">DEBBG</subfield>
   <subfield code="d">E7B</subfield>
   <subfield code="d">IDEBK</subfield>
   <subfield code="d">YBM</subfield>
   <subfield code="d">OCLCQ</subfield>
   <subfield code="d">OCLCF</subfield>
   <subfield code="d">GR-PeUP</subfield>
  </datafield>
  <datafield tag="100" ind1="1" ind2=" ">
   <subfield code="a">Plaszczak, Pawel.</subfield>
  </datafield>
  <datafield tag="245" ind1="1" ind2="0">
   <subfield code="a">Grid computing</subfield>
   <subfield code="h">[electronic resource] :</subfield>
   <subfield code="b">the savvy manager's guide /</subfield>
   <subfield code="c">Pawel Plaszczak, Richard Wellner, Jr.</subfield>
  </datafield>
  <datafield tag="260" ind1=" " ind2=" ">
   <subfield code="a">Amsterdam ;</subfield>
   <subfield code="a">Boston :</subfield>
   <subfield code="b">Elsevier/Morgan Kaufmann,</subfield>
   <subfield code="c">c2006.</subfield>
  </datafield>
  <datafield tag="300" ind1=" " ind2=" ">
   <subfield code="a">1 online resource (xx, 261 p.) :</subfield>
   <subfield code="b">ill.</subfield>
  </datafield>
  <datafield tag="490" ind1="1" ind2=" ">
   <subfield code="a">The savvy manager's guides</subfield>
  </datafield>
  <datafield tag="504" ind1=" " ind2=" ">
   <subfield code="a">Includes bibliographical references and index.</subfield>
  </datafield>
  <datafield tag="505" ind1="0" ind2=" ">
   <subfield code="a">Introduction -- The basics -- Grid computing enters business -- Joining the grid -- Technical issues -- Management issues.</subfield>
  </datafield>
  <datafield tag="520" ind1=" " ind2=" ">
   <subfield code="a">A decade ago, the corporate world viewed grid computing as a curiosity. Today, it views it as an opportunity--a chance to reduce costs, improve performance, fund new projects, and take advantage of under-utilized capacity. The engineering behind this transformation has been amply documented. Until now, however, little has been written to prepare managers, executives, and other decision-makers to implement grid computing in a sensible and effective way. Grid Computing: The Savvy Manager's Guide examines the technology from a rigorous business perspective, equipping you with the practical knowledge you need to assess your options and determine what grid computing approach is right for your enterprise. This book is heavy on real-world experience, distilling from a rich assortment of case studies the best practices currently at work in a variety of industries. Always attentive to grid computings many competitive advantages, it is also realistic about the challenges of selling the idea to staff and making it a part of your companys culture. Grid Computing has an Online Companion at &lt;a href=&quot;http://www.savvygrid.com&quot;&gt;www.savvygrid.com&lt;/a&gt; with contents, details, community forum, and latest updates for the material. * Sketches the history of grid computing, showing how it made the leap from academia to business. * Examines the criteria you'll need to meet to make your network &quot;grid-enabled.&quot; * Explains how a grid-based solution can be made to meet key organizational requirements, including security, scheduling, data storage, and fault-tolerance. * Surveys the approaches currently available and helps you choose the one that will best meet your needs, both now and in the future. * Focuses heavily on the competitive advantages you can reap from grid computing, and provides advice on convincing your organization to adopt grid computing and making a successful transition.</subfield>
  </datafield>
  <datafield tag="650" ind1=" " ind2="4">
   <subfield code="a">Computational grids (Computer systems).</subfield>
  </datafield>
  <datafield tag="655" ind1=" " ind2="4">
   <subfield code="a">Electronic books.</subfield>
  </datafield>
  <datafield tag="700" ind1="1" ind2=" ">
   <subfield code="a">Wellner, Richard.</subfield>
  </datafield>
  <datafield tag="830" ind1=" " ind2="0">
   <subfield code="a">Savvy manager's guides.</subfield>
  </datafield>
  <datafield tag="852" ind1=" " ind2=" ">
   <subfield code="a">INST</subfield>
   <subfield code="b">UNIPILB</subfield>
   <subfield code="c">EBOOKS</subfield>
   <subfield code="e">20140703</subfield>
   <subfield code="p">00b47817</subfield>
   <subfield code="q">00b47817</subfield>
   <subfield code="t">ONLINE</subfield>
   <subfield code="y">0</subfield>
  </datafield>
  <datafield tag="856" ind1="4" ind2="0">
   <subfield code="3">ScienceDirect</subfield>
   <subfield code="u">http://www.sciencedirect.com/science/book/9780127425030</subfield>
  </datafield>
  <datafield tag="856" ind1="4" ind2=" ">
   <subfield code="d">/webopac/covers/03/47817_9780127425030.jpg</subfield>
  </datafield>
  <datafield tag="856" ind1="4" ind2=" ">
   <subfield code="d">/webopac/covers/03/47817_0127425039.jpg</subfield>
  </datafield>
  <datafield tag="856" ind1="4" ind2=" ">
   <subfield code="d">/webopac/covers/03/47817_9780080470764.jpg</subfield>
   <subfield code="z">(electronic bk.)</subfield>
  </datafield>
  <datafield tag="856" ind1="4" ind2=" ">
   <subfield code="d">/webopac/covers/03/47817_0080470769.jpg</subfield>
   <subfield code="z">(electronic bk.)</subfield>
  </datafield>
 </record>
</collection>
